000 00392nam a2200145Ia 4500
005 20251222153616.0
008 251222s9999||||xx |||||||||||||| ||spa||
020 _a9972921182
082 _a307.160.985/L753
100 _aLLona, Marta
245 0 _aLa Planificación Estratégica del Desarrollo local del Perú:
250 _a1ra.ed.
264 _bEscuela para el desarrollo
942 _cLIB
999 _c31815
_d31815